Équipe de Pologne de Football - Tous les joueurs (2000-....) - Statistiques

Statistiques générales
  • Ce quiz a été pris 160 fois
    16 depuis la dernière actualisation
  • Le résultat moyen est 14 sur 181
Statistiques - réponses
Première sélection Dernière sélection Joueur Nb de sélections % Correct
2002 2013 Mariusz Lewandowski 66
100%
2008 Robert Lewandowski 163
100%
2010 2022 Kamil Glik 103
67%
2009 2024 Wojciech Szczesny 84
67%
2008 2023 Grzegorz Krychowiak 100
60%
1995 2003 Jacek Zielinski 60
60%
2013 Piotr Zielinski 105
60%
2012 Arkadiusz Milik 73
53%
2008 Kamil Grosicki 100
47%
2007 2019 Lukasz Piszczek 66
47%
2006 2023 Jakub Blaszczykowski 109
40%
2017 Jan Bednarek 72
40%
2006 2021 Lukasz Fabianski 57
40%
2022 Jakub Kiwior 41
33%
2021 Matty Cash 23
33%
2021 Nicola Zalewski 33
33%
2011 2013 Damien Perquis 14
27%
1998 2013 Jerzy Dudek 60
27%
2022 Kamil Grabara 3
27%
2018 Krzysztof Piatek 38
27%
2009 2014 Ludovic Obraniak 34
27%
2012 Lukasz Skorupski 20
27%
2009 2022 Maciej Rybus 66
27%
2018 Damian Szymanski 18
20%
2002 2010 Ebi Smolarek 47
20%
2003 2012 Ireneusz Jelen 29
20%
2023 Marcin Bulka 5
20%
2018 Przemyslaw Frankowski 51
20%
2019 Sebastian Szymanski 50
20%
1999 2006 Tomasz Frankowski 22
20%
2021 Adam Buksa 25
13%
2013 Bartosz Bereszynski 59
13%
2020 Jakub Moder 35
13%
2014 2023 Karol Linetty 47
13%
2017 Tomasz Kedziora 36
13%
1998 2002 Arkadiusz Bak 13
7%
2018 2022 Arkadiusz Reca 15
7%
2004 2017 Artur Boruc 65
7%
2020 Bartlomiej Dragowski 4
7%
2014 2014 Igor Lewczuk 2
7%
1993 2008 Jacek Bak 96
7%
2016 2022 Jacek Goralski 21
7%
2024 Kacper Urbanski 11
7%
2019 2021 Kamil Jozwiak 22
7%
2021 Karol Swiderski 47
7%
2012 2018 Lukasz Teodorczyk 19
7%
2011 2022 Mateusz Klich 41
7%
2007 2019 Michal Pazdan 38
7%
2009 2011 Patryk Majecki 8
7%
2021 Radoslaw Majecki 1
7%
2020 Sebastian Walukiewicz 10
7%
2021 Tymoteusz Puchacz 15
7%
2006 2014 Adam Kokoszka 11
0%
2010 2013 Adam Matuszczyk 21
0%
1991 2002 Adam Matysek 33
0%
2010 2013 Adrian Mierzejewski 41
0%
2020 2020 Alan Czerwinski 1
0%
2002 2010 Andrzej Niedzielan 19
0%
2024 Antoni Kozubal 1
0%
2002 2011 Arkadiusz Glowacki 29
0%
2025 Arkadiusz Pyrka 1
0%
2003 2008 Arkadiusz Radomski 30
0%
2010 2022 Artur Jedrzejczyk 41
0%
2010 2015 Artur Sobiech 13
0%
2023 Bartlomiej Wdowik 1
0%
2018 2018 Bartosz Bialkowski 1
0%
2002 2009 Bartosz Bosacki 20
0%
2015 Bartosz Kapustka 21
0%
1998 2005 Bartosz Karwan 22
0%
2013 Bartosz Salamon 15
0%
2021 Bartosz Slisz 21
0%
1996 2002 Cezary Kucharski 17
0%
2003 2005 Damian Gorawski 14
0%
2018 2020 Damian Kadzior 6
0%
2004 2012 Dariusz Dudka 65
0%
2008 2009 Dawid Janczyk 5
0%
2018 2021 Dawid Kownacki 7
0%
2012 2019 Dominik Furman 3
0%
2024 Dominik Marczuk 1
0%
2000 2004 Emmanuel Olisadebe 25
0%
2011 2014 Eugen Polanski 18
0%
2023 Filip Marchwinski 2
0%
2025 Filip Rozga 2
0%
2014 2016 Filip Starzynski 4
0%
2005 2005 Grzegorz Piechna 1
0%
2002 2007 Grzegorz Rasiak 37
0%
2010 2012 Grzegorz Sandomierski 3
0%
2008 2014 Grzegorz Wojtkowiak 23
0%
1998 2009 Jacek Krzynowek 96
0%
2024 Jakub Kaluzinski 1
0%
2021 Jakub Kaminski 27
0%
2012 2013 Jakub Kosecki 5
0%
2023 Jakub Piotrowski 13
0%
2017 2021 Jakub Swierczok 6
0%
2006 2016 Jakub Wawrzyniak 49
0%
2009 2009 Jakub Wilk 3
0%
2010 2012 Janusz Gol 8
0%
2025 Jan Ziolkowski 3
0%
2021 Kacper Kozlowski 7
0%
2001 2009 Kamil Kosowski 52
0%
2021 Kamil Piatkowski 8
0%
2016 2017 Kamil Wilczek 3
0%
2023 Karol Struski 1
0%
2019 2023 Krystian Bielik 11
0%
2013 2018 Krzysztof Maczynski 31
0%
2006 2009 Lukasz Gargula 16
0%
2013 2015 Lukasz Szukala 17
0%
2011 2011 Maciej Jankowski 1
0%
1998 2002 Maciej Murawski 6
0%
1998 2008 Maciej Zurawski 72
0%
2000 2006 Marcin Baszczynski 35
0%
2011 2018 Marcin Kaminski 7
0%
1995 2003 Marcin Kuzba 6
0%
2010 2014 Marcin Robak 9
0%
2002 2013 Marcin Wasilewski 60
0%
2000 2004 Marcin Zewlakow 25
0%
1992 2002 Marek Kozminski 45
0%
1996 2012 Marek Saganowski 35
0%
2002 2008 Marek Zienczuk 9
0%
2003 2009 Mariusz Jop 27
0%
1997 2004 Mariusz Kukielka 20
0%
2013 2017 Mariusz Stepinski 4
0%
2024 Mateusz Bogusz 5
0%
2025 Mateusz Skrzypczak 2
0%
2022 Mateusz Wieteska 6
0%
2024 Maxi Oyedele 2
0%
2024 Michael Ameyaw 2
0%
2021 2021 Michal Helik 7
0%
2020 Michal Karbownik 4
0%
2022 Michal Skoras 13
0%
1999 2011 Michal Zewlakow 102
0%
1997 2006 Miroslaw Szymkowiak 33
0%
2023 Patryk Dziczek 2
0%
2023 Patryk Peda 3
0%
2012 Pavel Wszolek 20
0%
2020 Pawel Bochniewicz 3
0%
2005 2014 Pawel Brozek 38
0%
2015 Pawel Dawidowicz 17
0%
2006 2009 Pawel Golanski 14
0%
2000 2005 Pawel Kaczorowski 14
0%
2000 2004 Pawel Kryszalowicz 33
0%
2002 2002 Pawel Sibik 3
0%
2005 2006 Piotr Giza 5
0%
1998 2000 Piotr Reiss 4
0%
1992 2003 Piotr Swierczewski 70
0%
1999 2004 Piotr Wlodarczyk 4
0%
2005 2013 Przemyslaw Kazmierczak 11
0%
2020 2022 Przemyslaw Placheta 7
0%
2010 2016 Przemyslaw Tyton 14
0%
2025 Przemyslaw Wisniewski 5
0%
1997 2006 Radoslaw Kaluzny 41
0%
2000 2002 Radoslaw Majdan 7
0%
2007 2013 Radoslaw Majewski 9
0%
2006 2008 Radoslaw Matusiak 15
0%
2003 2007 Radoslaw Sobolewski 32
0%
2021 2021 Rafal Augustyniak 1
0%
2007 2009 Rafal Boguski 6
0%
2007 2007 Rafal Grzelak 1
0%
2017 2018 Rafal Kurzawa 7
0%
2006 2012 Rafal Murawski 48
0%
2018 2020 Rafal Pietrzak 3
0%
2012 2017 Rafal Wolski 7
0%
2020 Robert Gumny 6
0%
2008 2011 Roger Guerreiro 25
0%
2010 2013 Sebastian Boenisch 14
0%
2003 2015 Sebastian Mila 38
0%
2006 2009 Seweryn Gancarczyk 7
0%
2008 2018 Slawomir Peszko 44
0%
2022 2022 Szymon Zurkowski 7
0%
2018 Taras Romanczuk 5
0%
2014 2019 Thiago Cionek 21
0%
1996 2005 Tomasz Hajto 62
0%
2008 2016 Tomasz Jodlowiec 49
0%
1998 2006 Tomasz Klos 69
0%
2003 2012 Tomasz Kuszczak 11
0%
1994 2006 Tomasz Rzasa 36
0%
1991 2002 Tomasz Waldoch 74
0%
2007 2009 Tomasz Zahorski 13
0%
2011 2015 Waldemar Sobota 17
0%
2002 2009 Wojciech Kowalewski 11
0%
2006 2009 Wojciech Lobodzinski 23
0%
Aucun quiz correspondant
Distribution des résultats
% des personnes avec chaque résultat
Percentile par nombre de réponses
Votre historique - résultats
Vous n’avez pas pris ce quiz depuis la dernière actualisation